Normal view
MARC view
Entry Personal Name
001 - CONTROL NUMBER
- control field: 36386
003 - CONTROL NUMBER IDENTIFIER
- control field: ARRUPE
005 - DATE AND TIME OF LATEST TRANSACTION
- control field: 20170927115826.0
008 - FIXED-LENGTH DATA ELEMENTS
- fixed length control field: 170927|| aca||aabn | a|a d
040 ## - CATALOGING SOURCE
- Original cataloging agency: ARRUPE
- Transcribing agency: ARRUPE
100 ## - HEADING--PERSONAL NAME
- Personal name: Levine, Lawrence W.
670 ## - SOURCE DATA FOUND
- Source citation: Work cat.: (ARRUPE)27272: Levine, Lawrence W., Black culture and Black consciousness :, 1978, c1977.